000 00399cam a2200121 4500
008 090216n 000 0 eng u
035 _a(Sirsi) a164127
050 _aPN 4731 YU 1981
100 _aYu, Frederick T.C.
245 _aGet it right; Write it tight:
_bthe beginning journalist's handbook/
_cby Frederick T.C. Yu et'al
260 _aHonolulu:
_bEast-west Center,
_c1981
300 _aix, 103p.
999 _c111363
_d111363